000 00664nam a2200205 4500
001 116539
003 ES-MaACL
007 t|
008 061121s1974 mx r ||||1| spa d
100 1 _aPaulme, Denise.
_989658
245 1 4 _aLas esculturas del Africa negra /
_cpor Denise Paulme ; traducción de Francisco González Aramburo.
250 _a1ª ed., 1ª reimp.
260 _aMéxico :
_bFondo de Cultura Económica,
_c1974.
300 _a172 p., 32 lám. :
_bil. ;
_c18 cm.
490 1 _aBreviarios
700 1 _aGonzález Aramburo, Francisco.
_958429
830 0 _aBreviarios
_9186377
852 _aES-MaACL
_jE-8709
_bR.93033
999 _c116539
_d116539